MARC details
| 000 -LEADER |
| fixed length control field |
01349cam a2200337 a 4500 |
| 001 - CONTROL NUMBER |
| control field |
completeguidetop00buda |
| 003 - CONTROL NUMBER IDENTIFIER |
| control field |
CaSfIA |
| 005 - DATE AND TIME OF LATEST TRANSACTION |
| control field |
20230525155246.0 |
| 007 - PHYSICAL DESCRIPTION FIXED FIELD--GENERAL INFORMATION |
| fixed length control field |
cr|||| |
| 008 - FIXED-LENGTH DATA ELEMENTS--GENERAL INFORMATION |
| fixed length control field |
970116s1996 nyua df 001 0 eng d |
| 035 ## - SYSTEM CONTROL NUMBER |
| -- |
(DLC) 97143362 |
| 010 ## - LIBRARY OF CONGRESS CONTROL NUMBER |
| LC control number |
97143362 |
| 020 ## - INTERNATIONAL STANDARD BOOK NUMBER |
| International Standard Book Number |
0345402154 (pbk.) |
| 035 ## - SYSTEM CONTROL NUMBER |
| System control number |
(OCoLC)36214893 |
| 040 ## - CATALOGING SOURCE |
| Original cataloging agency |
MiWaOW |
| Transcribing agency |
MiWaOW |
| Modifying agency |
DLC |
| -- |
CaSfIA |
| 042 ## - AUTHENTICATION CODE |
| Authentication code |
lccopycat |
| 050 04 - LIBRARY OF CONGRESS CALL NUMBER |
| Classification number |
RS51 |
| Item number |
.C56 1996 |
| 082 00 - DEWEY DECIMAL CLASSIFICATION NUMBER |
| Classification number |
615/.1 |
| Edition number |
21 |
| 245 04 - TITLE STATEMENT |
| Title |
The complete guide to pills / |
| Medium |
[electronic resource] |
| Statement of responsibility, etc. |
specialists, Andrew J. Buda ... [et al.] ; edited and compiled by Brenda Adderly. |
| 260 ## - PUBLICATION, DISTRIBUTION, ETC. |
| Place of publication, distribution, etc. |
New York : |
| Name of publisher, distributor, etc. |
Ballantine Books, |
| Date of publication, distribution, etc. |
c1996. |
| 300 ## - PHYSICAL DESCRIPTION |
| Extent |
xxv, 1123 p. : |
| Other physical details |
ill. ; |
| Dimensions |
18 cm. |
| 500 ## - GENERAL NOTE |
| General note |
Includes index. |
| 650 #0 - SUBJECT ADDED ENTRY--TOPICAL TERM |
| Topical term or geographic name entry element |
Drugs |
| General subdivision |
Identification |
| -- |
Handbooks, manuals, etc. |
| 650 #0 - SUBJECT ADDED ENTRY--TOPICAL TERM |
| Topical term or geographic name entry element |
Drugs |
| General subdivision |
Dictionaries. |
| 700 1# - ADDED ENTRY--PERSONAL NAME |
| Personal name |
Buda, Andrew J. |
| 700 1# - ADDED ENTRY--PERSONAL NAME |
| Personal name |
Adderly, Brenda. |
| 856 41 - ELECTRONIC LOCATION AND ACCESS |
| Uniform Resource Identifier |
<a href="http://www.archive.org/details/completeguidetop00buda">http://www.archive.org/details/completeguidetop00buda</a> |
| Public note |
Free eBook from the Internet Archive |
| 856 42 - ELECTRONIC LOCATION AND ACCESS |
| Uniform Resource Identifier |
<a href="http://www.openlibrary.org/books/OL749479M">http://www.openlibrary.org/books/OL749479M</a> |
| Public note |
Additional information and access via Open Library |
| 856 42 - ELECTRONIC LOCATION AND ACCESS |
| Materials specified |
Contributor biographical information |
| Uniform Resource Identifier |
<a href="http://www.loc.gov/catdir/bios/random058/97143362.html">http://www.loc.gov/catdir/bios/random058/97143362.html</a> |
| 856 42 - ELECTRONIC LOCATION AND ACCESS |
| Materials specified |
Publisher description |
| Uniform Resource Identifier |
<a href="http://www.loc.gov/catdir/description/random043/97143362.html">http://www.loc.gov/catdir/description/random043/97143362.html</a> |